000
00447nam a2200133Ia 4500
008
151001s9999||||xx |||||||||||||| ||und||
100
_a
भा बापट
245
_a
गांधी काय व विचारप्रणाली
250
_a
1
260
_b
महाराष्ट्र राज्य साहित्य संस्कुती मंडळ मुंबई
260
_c
1973
300
_a
336
365
_b
21
999
_c
958598
_d
958595